1961 1869 1007 1460 1773 1070 1031 1899 1267 1351 1362 1245 1251 1424 1495 1890 1984 1941 1668 1100 1115 1935 1803 1624 1035 1719 1666 1716 1075 1039 1039 1027 1687 1013 1369 1795 1286 1632 1561 1159 1230 1994 1843 1813 1849 1489 1782 1911 1485 1823 1038 1338 1345 1414 1225 1504 1451 1352 1206 1211 1017 1942 1217 1268 1777 1555 1708 1140 1863 1961 1126 1543 1961 1872 1060 1221 1784 1878 1015 1703 1236 1607 1151 1998 1300 1101 1422 1004 1541 1550 1959 1679 1934 1743 1703 1741 1703 1885 1093 BCNSPRNW ULIB Ver.6.0+V

เปลี่ยนเป็นภาษาไทย

Change to English
 แสดงรายละเอียดบรรณานุกรม
  กลับหน้าหลัก

Brief Record : Get Marc (ISO 2709) : E-mail record : QR code < ปิดหน้าต่าง
LEADER : 00000nam 2200000uu 4500
001    13399113794
003     ULIB
008    120104s2548||||th 000 0 tha d
060  4 ^aWS410^bค895ก 2548
245  0 ^aการดูแลสุขภาพมารดา-ทารกแรกเกิดในภาวะเสี่ยงและเบี่ยงเบน /^cคณาจารย์ภาควิชาการพยาบาลแม่และเด็ก คณะพยาบาลศาสตร์ มหาวิทยาลัยบูรพา.
260    ^aชลบุรี :^bคณะพยาบาลศาสตร์ มหาวิทยาลัยบูรพา,^c2548.
300    ^a543 หน้า :^bภาพประกอบ ;^c30 ซม.
440    ^aโครงการตำราคณะพยาบาลศาสตร์ มหาวิทยาลัยบูรพา
610  2 ^aมหาวิทยาลัยบูรพา.^bภาควิชาการพยาบาลแม่และเด็ก^xตำรา.
650  7 ^aการตั้งครรภ์.
650  7 ^aการพยาบาลสูติศาสตร์.
650  7 ^aมารดาและเด็ก^xการดูแล.
650  7 ^aสูติกรรม.
710  2 ^aมหาวิทยาลัยบูรพา.^bภาควิชาการพยาบาลแม่และเด็ก.
710  2 ^aคณาจารย์ภาควิชาการพยาบาลแม่และเด็ก คณะพยาบาลศาสตร์ มหาวิทยาลัยบูรพา.
945    ^p0^l0^i24744
995    ^aกัณชพร
999    ^aใช้งานได้ทุกระบบ
รายการนี้ยังไม่มีแท็ก
คุณยังไม่ได้ล็อกอิน คุณสามารถมีกิจกรรมร่วมกับเว็บไซต์ได้ แต่ต้องล็อกอินก่อน ::
  ล็อกอิน

รายการสื่อสารสนเทศ

ลำดับที่ ประเภท เลขเรียก/บาร์โค้ด สถานที่ สถานะ
1. วิทยาศาสตร์การแพทย์ และสุขภาพ
วิทยาศาสตร์การแพทย์ และสุขภาพ
WS410 ค895ก 2548  
  Barcode: 24744
ห้องสมุดวิทยาเขตสวรรค์ประชารักษ์
►ส่วนจัดเก็บหนังสือเก่า สปร
บนชั้น
  ขอยืม

รายการใกล้เคียง
    หัวเรื่อง [การตั้งครรภ์.]
    หัวเรื่อง [การพยาบาลสูติศาสตร์.]

BibComment


ยังไม่เคยถูกคอมเมนท์

คอมเมนท์ทรัพยากรรายการนี้
  คอมเมนท์: การดูแลสุขภาพมาร..


 Copyright 2026. Bcnsprnw @Library